Φορτώνει......

Phylogenetic and Commodity Authentication Studies in Cinnamomum spp and Myristica spp

Λεπτομέρειες βιβλιογραφικής εγγραφής
Κύριος συγγραφέας: Swetha V P
Μορφή: Electronic Thesis
Γλώσσα:English
Θέματα:
Διαθέσιμο Online:http://hdl.handle.net/10603/213777
LEADER 00614nam a2200181Ia 4500
001 215716
008 190202t ii ||||fom||| 00| 0 eng d
100 |a Swetha V P 
245 |a Phylogenetic and Commodity Authentication Studies in Cinnamomum spp and Myristica spp 
502 |a Thesis (Ph. D.) -- Indian Institute of Spices Research, University of Calicut, 
546 |a English 
653 |a Cinnamon 
653 |a Cinnamon||Commodity authentication studies 
653 |a Commodity authentication studies 
796 |a Sasikumar B 
856 |u http://hdl.handle.net/10603/213777 
952 |a ON  |c ETD  |y ETD 
999 |c etd215716